00698nam a2200241 a 4500001001300000003000900013005001700022008004100039020002200080082001700102100002000119245004000139260003200179300000900211500003500220505001700255650001600272700002000288902000800308942000700316952011600323999001700439nice12345678IN_TiNIC20260116013255.0050524s1995 dela grp 000 0 eng  a8171677 c9500a303.623bVAS aVasishth, Saroj aKala Novemberb the Carnage of 1984 aDelhi bRupa and Co. c1995 a219p aincludes index and biblioraphy2 aBibliography aRiots-India1 aVasishth, Saroj bSRS cBK 001040708StackRoom-aHMIbHMId2007-03-20g95.00l0o303.623 VASp017430r2007-03-20v95.00w2005-05-24yBK c10357d10357